| 000 | 01328nam a22002537a 4500 | ||
|---|---|---|---|
| 005 | 2008121107007.0 | ||
| 008 | 081211t xxu||||| |||| 00| 0 hin d | ||
| 010 | _aHIN-85374 | ||
| 020 |
_a9788190482806 _c300.00 |
||
| 035 | _aHN-57720 | ||
| 037 | _bDBAD / PUB | ||
| 040 |
_aDPL _bHN |
||
| 082 | _a371.2 | ||
| 100 | _aमिश्रा , एम. के | ||
| 245 |
_aविद्यालय प्रबन्धन / _cएम. के. मिश्रा |
||
| 246 |
_aVidyaalaya prabandhana _bby M. K. Mishra |
||
| 260 |
_aनयी दिल्ली _bग्लेरियस पब्लिशर्स _c2008 |
||
| 270 |
_aनिकट एम ब्लाक , मार्किट एनेक्सी फ्लोर , डबल्यी-112 , ग्रेटर कैलाश _bनयी दिल्ली _e1 |
||
| 300 |
_a224पृ. _c21सेमी(सजिल्द) |
||
| 650 |
_aविद्यालय प्रबंध एवं संगठन _zभारत |
||
| 650 |
_aSchool management and oranisation _zIndia |
||
| 942 |
_2ddc _cHN _mमिश्राम _h371.2 |
||
| 999 |
_c19666 _d19666 |
||